Alle Deadlock-Helden - Statistiken

Allgemein
  • Dieses Quiz wurde 4 mal gespielt
  • Das Durchschnittsergebnis liegt bei 25 aus 38
Antwortstatistiken
Category Held % Korrekt
Tank Abrams
100%
Support Dynamo
100%
Carry Infernus
100%
Assassin Pocket
100%
Carry Seven
100%
Carry Vindicta
100%
Support Viscous
100%
Tank Warden
100%
Carry Wraith
100%
Assassin Apollo
67%
Support Bebop
67%
Tank Billy
67%
Assassin Calico
67%
Assassin Drifter
67%
Support Graves
67%
Carry Grey Talon
67%
Carry Haze
67%
Carry Holliday
67%
Support Ivy
67%
Support Kelvin
67%
Carry Lady Geist
67%
Assassin Lash
67%
Assassin Mina
67%
Carry Mirage
67%
Tank Mo & Krill
67%
Support Paradox
67%
Support Rem
67%
Assassin Shiv
67%
Support The Doorman
67%
Carry Venator
67%
Support Celeste
33%
Support McGinnis
33%
Support Paige
33%
Tank Silver
33%
Support Sinclair
33%
Assassin Yamato
33%
Tank Victor
0%
Carry Vyper
0%
Keine übereinstimmenden Quizze gefunden
Verteilung der Resultate
Anzahl Personen mit jedem Resultat
Perzentil nach korrekt beantworteten Fragen
Ihre Resultats-Entwicklung
Sie haben dieses Quiz noch nicht gespielt